| 000 | 00416nmm a22001697a 4500 | ||
|---|---|---|---|
| 005 | 20181115140612.0 | ||
| 008 | 181115b xxu||||| |||| 00| 0 spa d | ||
| 041 | _aspa | ||
| 082 | _aTU 104 | ||
| 100 |
_aMoya Quirós, Graciela _927679 |
||
| 245 | _aAgencia de viajes Colón | ||
| 260 | _c2017 | ||
| 650 |
_aCOSTA RICA _950742 |
||
| 650 |
_aTURISMO _9894 |
||
| 650 |
_aAGENCIA DE VIAJES _927480 |
||
| 942 | _cIP | ||
| 999 |
_c11347 _d11347 |
||